HIGH COURT CRIMINAL SESSION No.551 of 1970 Uganda Vs Haputali Adgany (Record no. 6753)

MARC details
000 -LEADER
fixed length control field 00462nam a22001097a 4500
008 - FIXED-LENGTH DATA ELEMENTS--GENERAL INFORMATION
fixed length control field 150625b xxu||||| |||| 00| 0 eng d
010 ## - LIBRARY OF CONGRESS CONTROL NUMBER
Field link and sequence number HCCRSARF: 006
245 ## - TITLE STATEMENT
Title HIGH COURT CRIMINAL SESSION No.551 of 1970 Uganda Vs Haputali Adgany
260 ## - PUBLICATION, DISTRIBUTION, ETC. (IMPRINT)
Place of publication, distribution, etc High Court Kampala
500 ## - GENERAL NOTE
Materials specified (original criminal Case No.ML.710 of 1969 in the chief Magistrate's court of Gulu at Gulu<br/>Before: C.D.Patel, Esq., Chief Magistrate)<br/>
500 ## - GENERAL NOTE
Materials specified Before: Hon. Mr. Ag Justice S. Mosoke
Holdings
Withdrawn status Lost status Source of classification or shelving scheme Damaged status Koha normalized classification for sorting Not for loan Location (home branch) Sublocation or collection (holding branch) Shelving location Date acquired Koha issues (times borrowed) Koha full call number Piece designation (barcode) Koha date last seen Price effective from Koha item type Public note
    Dewey Decimal Classification   HCCRSARF____009   Archives Archives Archives 06/25/2015   HCCRSARF___009 1305/2015 06/25/2015 06/25/2015 Un Reported Cases Judgement entered on 5/11/70
    Dewey Decimal Classification   HCCRSARF___009   Archives Archives Archives 06/25/2015   HCCRSARF__009 1306/2015 06/25/2015 06/25/2015 Un Reported Cases Judgement entered on 5/11/70